000 00821cam a2200229 a 4500
001 000015651
005 20200929164115.0
008 060706s1985 cu 001 0 spa
040 _aDO-SdBNP
_bspa
_cBNPHU
082 _a261.7
_bB565f
100 1 _aBetto, Frei,
_d1944-
_935290
245 1 0 _aFidel y la religión :
_bconversaciones con Frei Betto /
_cFrei Betto; edición Pedro Álvarez Tabío.
260 _aLa Habana :
_bOficina de Publicaciones del Consejo de Estado,
_c1985.
300 _a379 p. ;
_c21 cm.
600 1 4 _aCASTRO, FIDEL,
_d1927-
_xENTREVISTAS
_935291
650 4 _aComunismo y religión
_93708
650 4 _aIglesia y estado
_zCuba
_935292
650 4 _aComunismo e iglesia católica
_zCuba
_935293
700 1 _aÁlvarez Tabío, Pedro,
_eed.
_935294
910 _aCatalogación derivada
049 _aBNGR
999 _c15203
_d15203